000 00327nam a22001217a 4500
082 _a813.54
_bMUS
100 _aMustayeen Ahmad khan
_951793
245 _aKaleidoscope
_bEclectic Reflexions
260 _aLahore,
_bAjmal Publication,
_c2000.
300 _a160p.
526 _a0
_b0
_c0
_d813_540000000000000_MUS
942 _2ddc
_cBK
999 _c554343
_d554343